Gandhi's India : (Record no. 95927)
[ view plain ]
| 000 -LEADER | |
|---|---|
| fixed length control field | 00838nam a22002177a 4500 |
| 005 - DATE AND TIME OF LATEST TRANSACTION | |
| control field | 20151016112003.0 |
| 010 ## - LCCN (DPL NO) | |
| LC control number | ENG-113858 |
| 020 ## - INTERNATIONAL STANDARD BOOK NUMBER | |
| International Standard Book Number | 812375213x |
| Terms of availability | 70.00 |
| 020 ## - INTERNATIONAL STANDARD BOOK NUMBER | |
| International Standard Book Number | 9788123752136 |
| Terms of availability | 70.00 |
| 035 ## - SYSTEM CONTROL NUMBER | |
| System control number | EN-97390 |
| 037 ## - SOURCE OF ACQUISITION | |
| Source of stock number/acquisition | DBAD/PUB |
| 082 ## - DEWEY DECIMAL CLASSIFICATION NUMBER | |
| Classification number | 954.035092 |
| 100 ## - MAIN ENTRY--PERSONAL NAME | |
| Personal name | Gandhi, Mahatma |
| Dates associated with a name | 1869-1948. |
| 245 ## - TITLE STATEMENT | |
| Title | Gandhi's India : |
| Remainder of title | unity in diversity / |
| Statement of responsibility, etc | Selections prepared by the National Integration Sub-committee of the National Committee for Gandhi Centenary. |
| 260 ## - PUBLICATION, DISTRIBUTION, ETC. (IMPRINT) | |
| Place of publication, distribution, etc | New Delhi |
| Name of publisher, distributor, etc | National Book Trust |
| Date of publication, distribution, etc | 2015 |
| 270 ## - ADDRESS | |
| Address | Nehru Bhawan,5,Institutional Area,Phase -II, |
| City | NewDelhi |
| Postal code | 110070 |
| 300 ## - PHYSICAL DESCRIPTION | |
| Extent | xii,87p. |
| Dimensions | 21cm(pbk) |
| 600 ## - SUBJECT ADDED ENTRY--PERSONAL NAME | |
| Personal name | Gandhi, Mahatma |
| Dates associated with a name | 1869-1948. |
| 710 ## - ADDED ENTRY--CORPORATE NAME | |
| Corporate name or jurisdiction name as entry element | National Committee for Gandhi Centenary. |
| Subordinate unit | National Integration Sub-committee. |
| 942 ## - ADDED ENTRY ELEMENTS (KOHA) | |
| Source of classification or shelving scheme | Dewey Decimal Classification |
| Item type | English Books |
| Call number suffix | GAN |
| Classification part | 954.035092 |
| Withdrawn status | Lost status | Not for loan | Collection code | Home library | Current library | Date acquired | Source of acquisition | Cost, normal purchase price | Full call number | Barcode | Copy number | Cost, replacement price | Koha item type |
|---|---|---|---|---|---|---|---|---|---|---|---|---|---|
| Not For Loan | Non-fiction | D.B.Act.Division | D.B.Act.Division | 13/08/2015 | DBAD/PUB | 70.00 | 954.035092 GAN | EN-97390 | 1 | 70.00 | English Books |
